000 00499nam a22001937a 4500
003 CEME
005 20210628201800.0
008 210216b xxu||||| |||| 00| 0 eng d
020 _a81-7635-538-0
040 _c.
082 _a005.133 FEN
100 _aZhu, Jun.Dr Feng, Yu
_956826
245 _aWireless java programming with j2me
250 _a81-7635-538-0
260 _aNEW DELHI
_bTECHMEDIA
_c2001
300 _aIX,495P
650 _aJAVA PROGRAMMING WITH J2ME
_956827
942 _cBK
_2ddc
999 _c567166
_d567166